Fallout 4 - ALL S.P.E.C.I.A.L Perks Quiz - Statistics

General Stats
  • This quiz has been taken 11 times
  • The average score is 38 of 70
Answer Stats
Answer % Correct
Lone Wanderer
100%
Blacksmith
88%
Local Leader
88%
Animal Friend
75%
Armorer
75%
Gun Nut
75%
Gunslinger
75%
Idiot Savant
75%
Lead Belly
75%
Pain Train
75%
Science!
75%
Vans
75%
Aqua Boy / Aqua Girl
63%
Better Criticals
63%
Bloody Mess
63%
Cap Collector
63%
Commando
63%
Ghoulish
63%
Grim Reapers Sprint
63%
Iron Fist
63%
Mysterious Stranger
63%
Nerd Rage
63%
Night Person
63%
Ninja
63%
Rifleman
63%
Robotics Expert
63%
Rooted
63%
Scrapper
63%
Scrounger
63%
Sniper
63%
Solar Powered
63%
Adamantium Skeleton
50%
Big Leagues
50%
Blitz
50%
Chemist
50%
Chem Resistant
50%
Concentrated Fire
50%
Critical Banker
50%
Demolition Expert
50%
Fortune Finder
50%
Four Leaf Clover
50%
Heavy Gunner
50%
Lady Killer / Black Widow
50%
Life Giver
50%
Medic
50%
Mister Sandman
50%
Nuclear Physicist
50%
Pickpocket
50%
Ricochet
50%
Strong Back
50%
Wasteland Whisperer
50%
Action Boy / Action Girl
38%
Attack Dog
38%
Awareness
38%
Gun-Fu
38%
Hacker
38%
Inspirational
38%
Intimidation
38%
Locksmith
38%
Party Boy
38%
Rad Resistant
38%
Refractor
38%
Steady Aim
38%
Toughness
38%
Basher
25%
Cannibal
25%
Moving Target
25%
Penetrator
25%
Quick Hands
25%
Sneak
25%
No matching quizzes found
Score Distribution
Percent of People with Each Score
Percentile by Number Answered
Your Score History
You have not taken this quiz